000
00290nam a22001217a 4500
008
170508b xxu||||| |||| 00| 0 eng d
041
_a
eng
080
_a
342
100
_a
14
101
_a
SHJ
245
_a
PLANI I VEPRIMIT PER REFORMES E ADMINISTRATES PUBLIKE
942
_2
udc
_c
BK
999
_c
12883
_d
12883